000 00833nam a2200193Ii 4500
003 JO-AjNU
008 230605s9999||||xx |||||||||||||| ||und||
040 _aJO-AjNU
_bara
_erda
_cJO-AjNU
041 _aara
050 1 4 _aBP16.2.G4222.1986
100 3 _aالغزالي،ابي حامد محمد بن محمد,
_eauthor
_910158
245 0 0 _aمجموعة رسائل الإمام الغزالي:روضة الطالبين وعمدة السالكين-قواعد العقائد في التوحيد-خلاصة التصانيف في التصوف
264 3 1 _aبيروت:دار الكتب العلمية ،1986
300 _a160ص
336 _atext
_btxt
_2rdacontent
337 _aunmediated
_bn
_2rdamedia
338 _avolume
_bnc
_2rdacarrier
650 4 _aالعقيدة الاسلامية-رسائل الامام الغزالي
_910159
999 _aA1665
_c5233
_d5233